000
00304nam a2200121Ia 4500
008
191201s2019 xx 000 0 und d
100
_a
PFISTER, Cuno
245
0
_a
Getting Started with the Internet of Things
250
_a
6th rep
260
_b
SPDO, Reilly
_a
New Delhi
300
_a
176
942
_2
ddc
_c
BK
999
_c
8164
_d
8164